000 00755nam a2200253 i 4500
001 67338
003 ES-MaACL
005 20230906170039.0
007 t|
008 040519s2003 cu ||||1| spa d
020 _a959-209-476-4
080 _a94(729.1 H.)"17"
080 _a94(729.1)"1762/63"
100 1 _aPlacer Cervera, Gustavo.
_992502
245 1 4 _aLos defensores del Morro /
_cGustavo Placer Cervera.
260 _aLa Habana :
_bUnión,
_c[2003]
300 _a117 p. :
_bil., mapas ;
_c27 cm.
490 1 _aClío
651 4 _aLa Habana-
_xHistoria-
_yS.XVIII.
_98902
651 4 _aCuba-
_xHistoria-
_y1762-1763, Ocupación inglesa.
_98104
830 0 _aClío
_9182535
852 _aES-MaACL
_jL-27569
_bR.133180
999 _c67338
_d67338